000 00829nam a2200229 i 4500
001 66756
003 ES-MaACL
005 20230906165822.0
007 t|
008 020429s2002 sp ||||0| spa d
020 _a84-607-4295-4
080 _a355.016(460)(091)
080 _a327.366(460)(091)
245 0 0 _aEn legítima desobediencia
_b: tres décadas de objeción, insumisión y antimilitarismo /
_c[autor@s, Movimiento Objeción de Conciencia].
250 _a1ª ed.
260 _a[Madrid] :
_bProyecto Editorial Traficantes de Sueños :
_bMovimiento Objeción de Conciencia,
_c2002.
300 _a348 p. :
_bil. ;
_c24 cm.
650 4 _aObjeción de conciencia-
_zEspaña.
_915658
650 4 _aAntimilitarismo-
_zEspaña.
_99856
710 2 _aMovimiento Objeción de Conciencia.
_95786
852 _aES-MaACL
_jL-27235
999 _c66756
_d66756